00665nam a2200217Ia 4500008004000000020001800040041000800058082001600066100002300082245003600105260004900141300001100190650001400201650001400215650001200229650000800241690002200249906001100271999001900282952014600301210210b2007 xxu||||| |||| 00| 0 eng d a9780120885466 aeng a574.88 MULM aMULHARDT (Cornel). aMolecular biology and genomics. aAmsterdambElsevier Publishers Limitedc2007 aix,257 aMolecular agenomics. abiology aand aMolecular Biology a061902 c115728d115728 00102ddc40708BTaALbALd2021-02-17eKnowledge Worldg2099.17l4m1o574.88 MULMp061902r2026-05-02 11:23:19s2026-02-06w2021-02-17yBK